Regiones agrícolas en Centroamérica: una aproximación socioeconómica /
Sparad:
| Institutionell upphovsman: | |
|---|---|
| Materialtyp: | Text |
| Språk: | Spanish |
| Ämnen: | |
| Taggar: |
Lägg till en tagg
Inga taggar, Lägg till första taggen!
|
MARC
| LEADER | 00000 a a2200000 04500 | ||
|---|---|---|---|
| 001 | 43404 | ||
| 003 | cru CRAI/IIS | ||
| 005 | 20210505165511.0 | ||
| 008 | 210505b |||||||| |||| 00| 0 spa d | ||
| 040 | |c cru CRAI/IIS | ||
| 110 | |a Equipo de investigación del programa centroamericano de ciencias sociales del CSUCA | ||
| 245 | 1 | |a Regiones agrícolas en Centroamérica: |b una aproximación socioeconómica / |c Equipo de investigación del programa centroamericano de ciencias sociales del CSUCA | |
| 500 | |a Colección Centroamérica | ||
| 650 | |a REGIONALIZACION | ||
| 650 | |a AMERICA CENTRAL | ||
| 650 | |a SECTOR AGROPECUARIO | ||
| 650 | |a CAPITALISMO | ||
| 773 | |g volumen6, número17 (1977), páginas 95-109 | ||
| 773 | 0 | |0 18875 |9 5404 |a Universidad de Costa Rica. |d San José, Costa Rica: Universidad de Costa Rica. Consejo Superior Universitario Centroamericano, 1972- |o 13771 |t Estudios Sociales Centroamericanos / |x 03039676 | |
| 942 | |2 ddc |c PP | ||
| 999 | |c 25016 |d 25016 | ||
